000 00667nam a2200289Ia 4500
005 20260324144729.0
008 008 260324s9999 xx 000 0 eng d
020 _a9780429475368
037 _aEBOOK
040 _aCRL
040 _beng
040 _cCRL
041 _2eng
041 _aeng
084 _qCRL
100 _aS.H. Foulkes
_91216922
245 0 _aGroup Analytic Psychotherapy
245 0 _bMethod and Principles
260 _bTaylor and Francis
260 _c1986
365 _a
365 _b180
856 _uhttp://www.taylorfrancis.com/books/9780429475368
942 _cEBOOK
999 _c1827382
_d1827382